| 000 | 00679nam a2200241Ia 4500 | ||
|---|---|---|---|
| 003 | OSt | ||
| 005 | 20220924132057.0 | ||
| 006 | a|||||r|||| 00| 0 | ||
| 007 | ta | ||
| 008 | 220923b |||||||| |||| 00| 0 san d | ||
| 024 | _a6687 | ||
| 037 | _cTextual | ||
| 040 |
_aARTS _cARTS _bsan |
||
| 041 |
_2san _asan |
||
| 082 | _a2;17:55, J3 (2D) | ||
| 100 |
_aLee R J. _9203650 |
||
| 245 | 0 |
_aEnglish country maps _b The identification cataloguing and physical care of a collection |
|
| 260 | _c1953 | ||
| 490 | _aLibrary Association pamphlet; 13 | ||
| 650 | _aLIBRARY SCIENCE | ||
| 942 |
_h2;17:55, J3 (2D) _cTEXL _2CC |
||
| 999 |
_c429137 _d429137 |
||